01359nam a2200349 a 4500001001000000003000500010005001700015008004100032010001100073011001100084040000900095090001000104100003400114245010600148260004100254500006000295502009100355590004100446590004000487590004000527590004000567650005200607650003200659650004600691650002900737856007000766901000700836942001000843942000600853999001900859952013100878000114948CHAP20220329144505.0180816s2017 mx a |sm |||||||spa d a111409 a112381 cCHAP aTesis1 aTetla Solano, Samuel.913534410aManejo del cultivo de papayo en tres sistemas de producciónh[En línea]cpor Tetla Solano Samuel. aChapingo, Méx. :bEl autor,c2017. aPara ver el contenido del material haga clic en la liga aTesis (Ing. Agr. Fitotecnista) -- Colegio Superior Agropecuario del Estado de Guerrero aBATCH-UPDb05c20180816lUCH01h1147 aE6339RRRb05c20180816lUCH01h1146 aE6339RRRb05c20180816lUCH01h1413 aE6339RRRb05c20180816lUCH01h142914aÁcaros fitófagosxIdentificación.913083614aPapayaxRendimiento.98535614aPapayaxSistemas de producción.913534514aPapayazGuerrero.985363 aFinding aiduhttp://10.13.5.2/tesis/sist114948.pdfzTeclea aquí aBK cTESIS n0 c111409d111409 00104054718TESISaBCbBCd2018-08-16fTESISl0oTesisp114959-10r2019-12-31 00:00:00w2019-12-31yTESISzRecien adquirido